[Event "ch-MGL"]
[Site "Ulan Bator MGL"]
[Date "2009.04.11"]
[Round "1"]
[White "Erdene,G"]
[Black "Bayarmandakh,B"]
[Result "1-0"]
[WhiteElo "2206"]
[BlackElo "2345"]

1.d4 Nf6 2.c4 e6 3.Nf3 b6 4.Nc3 d5 5.cxd5 exd5 6.Bg5 Be7 7.e3 Bb7 8.Bd3 Nbd7
9.Qc2 h6 10.Bxf6 Nxf6 11.Ne5 O-O 12.O-O-O c5 13.f3 c4 14.Bf5 a6 15.g4 b5
16.g5 hxg5 17.Rdg1 Bc8 18.Rxg5 Bxf5 19.Qxf5 Ne8 20.Rh5 g6 21.Rg1 Ng7 22.Rxg6 fxg6
23.Qxg6  1-0

[Event "ArcelorMittal Open"]
[Site "Frydek Mistek CZE"]
[Date "2009.04.12"]
[Round "8"]
[White "Mikrut,D"]
[Black "Motyka,M"]
[Result "0-1"]
[WhiteElo "2394"]
[BlackElo "2394"]

1.d4 Nf6 2.c4 e6 3.Nf3 b6 4.Nc3 Bb7 5.Bg5 Bb4 6.Nd2 h6 7.Bh4 O-O 8.e3 d5
9.cxd5 exd5 10.Bd3 Be7 11.O-O c5 12.Nf3 Nbd7 13.Qe2 Ne4 14.Bxe7 Qxe7 15.Rac1 a6
16.dxc5 Nxc3 17.bxc3 Nxc5 18.Nd4 Rfc8 19.Bf5 Rc7 20.c4 dxc4 21.Rxc4 g6 22.Bb1 a5
23.Rd1 Rd8 24.Rcc1 Rcd7 25.Qg4 Kh7 26.h4 f5 27.Qg3 Be4 28.Kh2 Qf6 29.Bxe4 Nxe4
30.Qf4 g5 31.hxg5 hxg5 32.Qf3 Qe5+ 33.g3 g4 34.Qg2 Ng5 35.Rh1 Kg7 36.Kg1 Nh3+
37.Rxh3 gxh3 38.Qxh3 Kg6 39.Rb1 Qf6 40.Qg2 Rh8 41.Rc1 Rd6 42.Qf3 Qe5 43.Rc6 Rxc6
44.Qxc6+ Qf6 45.Ne6 Qa1+  0-1

[Event "16th ch-Asian Cities Dubai Cup"]
[Site "Beirut LIB"]
[Date "2009.04.16"]
[Round "1"]
[White "Kameran,A"]
[Black "Gameel,M"]
[Result "1-0"]
[WhiteElo "1917"]
[BlackElo "2190"]

1.d4 Nf6 2.c4 e6 3.Nf3 b6 4.Nc3 Bb7 5.Bg5 Be7 6.e3 d5 7.cxd5 Nxd5 8.Bxe7 Qxe7
9.Rc1 O-O 10.Bd3 c5 11.O-O cxd4 12.Nxd4 Nb4 13.Bb1 Rd8 14.Qg4 Nd7 15.a3 Nc6
16.Qe4 Nf6 17.Nxc6 Qd7 18.Qh4 Bxc6 19.Rfd1 Qb7 20.Bxh7+ Kf8 21.f3 a5 22.Be4 Bxe4
23.Nxe4 Rxd1+ 24.Rxd1 Nxe4 25.Rd8+  1-0

[Event "11th Dubai Open"]
[Site "Dubai UAE"]
[Date "2009.04.29"]
[Round "4"]
[White "Arutinian,D"]
[Black "Ghaem Maghami,E"]
[Result "1/2-1/2"]
[WhiteElo "2548"]
[BlackElo "2593"]

1.d4 Nf6 2.c4 e6 3.Nf3 b6 4.Nc3 Bb7 5.Bg5 Be7 6.e3 O-O 7.Be2 d5 8.O-O Nbd7
9.Rc1 dxc4 10.Bxc4 c5 11.dxc5 Nxc5 12.Qxd8 Rfxd8 13.Rfd1  1/2-1/2

[Event "2nd Mayors Cup"]
[Site "Mumbai IND"]
[Date "2009.05.01"]
[Round "1"]
[White "Temirbayev,S"]
[Black "Singh,Sor"]
[Result "1-0"]
[WhiteElo "2458"]
[BlackElo "1773"]

1.d4 Nf6 2.c4 e6 3.Nf3 b6 4.Nc3 Bb7 5.Bg5 h6 6.Bh4 Be7 7.Qc2 d5 8.cxd5 Nxd5
9.Bxe7 Qxe7 10.e3 O-O 11.Be2 Nd7 12.O-O Rfc8 13.Nxd5 Bxd5 14.Ba6 Bxf3 15.gxf3 Qg5+
16.Kh1 Qh5 17.Qc6 Rd8 18.f4 Nf6 19.Rae1 Qd5+ 20.Qxd5 Nxd5 21.Rc1 Rd7 22.a3 Rad8
23.b4 Rd6 24.Bb7 R6d7 25.Bc6 Re7 26.Rc2 Rd6 27.Rfc1 f6 28.Bxd5 Rxd5 29.Rxc7 Rdd7
30.Rxd7 Rxd7 31.Rc6 Kf7 32.h4 g5 33.hxg5 hxg5 34.fxg5 fxg5 35.Kg2 Kf6 36.Kg3 Kf5
37.f3 Kf6 38.a4 Kf7 39.Kg4 Kf6 40.b5 Kf7 41.e4 Re7 42.d5  1-0

[Event "84th ch-ARG Semifinal"]
[Site "La Plata ARG"]
[Date "2009.05.02"]
[Round "5"]
[White "Slipak,S"]
[Black "Mareco,S"]
[Result "1/2-1/2"]
[WhiteElo "2452"]
[BlackElo "2503"]

1.d4 Nf6 2.Nf3 e6 3.c4 b6 4.Nc3 Bb7 5.Bg5 Be7 6.e3 O-O 7.Bd3 c5 8.O-O cxd4
9.Nxd4 d6 10.Bxf6 Bxf6 11.Be4 d5 12.cxd5 exd5 13.Bf3 Na6 14.Ndb5 Nc5  1/2-1/2

[Event "2nd Mayors Cup"]
[Site "Mumbai IND"]
[Date "2009.05.03"]
[Round "3"]
[White "Belov,Vl"]
[Black "Sagar,S"]
[Result "0-1"]
[WhiteElo "2623"]
[BlackElo "2271"]

1.d4 Nf6 2.Nf3 e6 3.c4 b6 4.Nc3 Bb7 5.a3 d5 6.cxd5 Nxd5 7.e3 g6 8.Bb5+ c6
9.Bd3 Bg7 10.O-O O-O 11.Nxd5 exd5 12.b4 a5 13.Bb2 Nd7 14.Qc2 Qe7 15.Bc3 axb4
16.axb4 Rfc8 17.Qb2 Qf8 18.Nd2 Rxa1 19.Rxa1 Ra8 20.Rc1 Ra4 21.Bc2 Ra7 22.Bb1 Ba6
23.h3 Bb5 24.Bc2 Qa8 25.e4 Nf6 26.e5 Nh5 27.g3 Bh6 28.Re1 Ra2 29.Qb1 Qa3
30.Nb3 Bc4 31.e6 Ng7 32.e7 Ne8 33.Bd2 Bxb3 34.Bxg6 hxg6 35.Bxh6 Bc2 36.Qc1 Qxc1
37.Bxc1 Bd3 38.Be3 f6 39.g4 Rb2 40.Kg2 Rb1 41.Bc1 Kf7  0-1

[Event "2nd Mayors Cup"]
[Site "Mumbai IND"]
[Date "2009.05.03"]
[Round "4"]
[White "Bakre,T"]
[Black "Sagar,S"]
[Result "1-0"]
[WhiteElo "2452"]
[BlackElo "2271"]

1.d4 Nf6 2.Nf3 e6 3.c4 b6 4.Nc3 Bb7 5.Bg5 Be7 6.Qc2 d5 7.e3 h6 8.Bxf6 Bxf6
9.cxd5 exd5 10.O-O-O O-O 11.Kb1 Nd7 12.g4 Re8 13.h4 g6 14.g5 hxg5 15.h5 Nf8
16.Bd3 Kg7 17.hxg6 Nxg6 18.Rhg1 Rh8 19.Nxg5 Bxg5 20.f4 Rh5 21.Be2 Rh2 22.Rxg5 Qf6
23.Rdg1 Kf8 24.Qb3 Ne7 25.Qa3 Qd6 26.Qa4 c5 27.Bf3 f6 28.Rg7 c4 29.Nb5 Qd7
30.Qb4 Rh8 31.Nd6 Nc6 32.Rxd7 Nxb4 33.Rf7+  1-0

[Event "III Open"]
[Site "La Laguna ESP"]
[Date "2009.05.06"]
[Round "3"]
[White "Garcia Rodriguez,P"]
[Black "Aleman Alamo,N"]
[Result "1-0"]
[WhiteElo "1842"]
[BlackElo "1723"]

1.c4 Nf6 2.Nf3 e6 3.d4 b6 4.Nc3 Bb7 5.e3 Be7 6.Bd3 O-O 7.O-O d6 8.b3 Nbd7
9.Bb2 c5 10.Qe2 cxd4 11.exd4 d5 12.Ne5 a6 13.f4 Nxe5 14.fxe5 Nd7 15.cxd5 exd5
16.Rf3 h6 17.Raf1 b5 18.Bb1 b4 19.Qd3 g6 20.Ne2 a5 21.Rxf7 Ra6 22.Rxf8+ Nxf8
23.Bc1 Kg7 24.Nf4 Qe8 25.Nxd5 Rc6 26.Nxe7 Qxe7 27.d5 Rc3 28.Qd4 Ba6 29.e6+ Kg8
30.Re1 Qc5 31.Qxc5 Rxc5 32.e7  1-0

[Event "FSFMB May"]
[Site "Budapest HUN"]
[Date "2009.05.07"]
[Round "5"]
[White "Pollak,A"]
[Black "Juhasz,A"]
[Result "1/2-1/2"]
[WhiteElo "1711"]
[BlackElo "1828"]

1.d4 Nf6 2.c4 e6 3.Nf3 b6 4.Nc3 Bb7 5.Bf4 Bb4 6.Bd2 O-O 7.e3 d6 8.Ne4 Bxd2+
9.Nexd2 Nbd7 10.Be2 Ne4 11.Nxe4 Bxe4 12.Nd2 Bxg2 13.Rg1 Bb7 14.Bd3 f5 15.Qe2 Nf6
16.O-O-O c5 17.f3 d5 18.Qg2 Qe7 19.dxc5 bxc5 20.Nb3 Rac8 21.Na5 g6 22.Nxb7 Qxb7
23.h4 Rb8 24.Rd2 Kh8 25.Qh2 Rbe8 26.Qe5 Qb8 27.Qc3 Qb4 28.Qe5 Qb8 29.Qc3 e5
30.Be2 d4 31.Qa3 Qb6 32.exd4 exd4 33.Bd1 Nh5 34.Ba4 Re3 35.Bb3 Nf4 36.Rf1 Rfe8
37.Qa4 Qc7 38.Bc2 Qe7 39.Qc6 Re1+ 40.Rd1 Rxf1 41.Rxf1 d3 42.Bd1 d2+ 43.Kc2 Qe1
44.Rf2 Qxf2 45.Qxe8+ Kg7 46.Qe5+ Kf7 47.Qxf4 Qf1 48.b3 Qh1 49.Kxd2 a6 50.Qc7+ Kg8
51.Qd8+ Kg7 52.Be2 Qb1 53.Bd3  1/2-1/2

[Event "It"]
[Site "Ratten AUT"]
[Date "2009.05.21"]
[Round "2"]
[White "Jirovec,A"]
[Black "Kragelj,I"]
[Result "0-1"]
[WhiteElo "2122"]
[BlackElo "2232"]

1.d4 Nf6 2.Nf3 e6 3.c4 b6 4.Nc3 Bb7 5.a3 d5 6.cxd5 Nxd5 7.e3 Nd7 8.Bd3 c5
9.Qe2 cxd4 10.exd4 Nxc3 11.bxc3 Bd6 12.c4 O-O 13.O-O Qc7 14.h3 e5 15.d5 Rae8
16.Qc2 h6 17.Be3 Nc5 18.Bxc5 Bxc5 19.a4 g6 20.Rfd1 f5 21.Bf1 a5 22.Ra2 Kh7
23.Qb3 Qd6 24.Re2 Re7 25.Qb2 Rfe8 26.Qc2 Ba6 27.Nd2 Rc8 28.Kh1 Bd4 29.f4 exf4
30.Rxe7+ Qxe7 31.Nf3 Bc5 32.Qb2 Qg7 33.Qb3 Re8 34.d6 Rd8 35.h4 Bb7 36.h5 g5
37.Be2 Qf6 38.Qb5 g4 39.Nd4 Be4 40.Qa6 Bxd4 41.Rxd4 Qxd4  0-1

[Event "Lina Grumette Memorial Day Classic"]
[Site "Los Angeles USA"]
[Date "2009.05.23"]
[Round "1"]
[White "Kitagami,S"]
[Black "Sevillano,E"]
[Result "0-1"]
[WhiteElo "2045"]
[BlackElo "2520"]

1.d4 Nf6 2.Nf3 e6 3.c4 b6 4.Nc3 Bb7 5.g3 Bb4 6.Bg2 Qc8 7.O-O O-O 8.Qb3 Bxc3
9.Qxc3 d6 10.Bf4 Nbd7 11.Rad1 a5 12.b3 Re8 13.Bc1 Be4 14.Nd2 Bxg2 15.Kxg2 e5
16.dxe5 Rxe5 17.Rfe1 Rh5 18.Nf3 Ne5 19.h4 Qb7 20.Kg1 Ne4 21.Qd4 Ng4 22.Rf1 Rf5
23.Bf4 Re8 24.Nd2 Ngf6 25.Nxe4 Rxe4 26.Qd2 Nh5 27.Be3 Rfe5 28.Kh2 Nf6 29.Bd4 Rxe2
30.Bxe5 Rxd2  0-1

[Event "Doroshkevicha Mem"]
[Site "Belorechensk RUS"]
[Date "2009.05.25"]
[Round "3"]
[White "Papin,V"]
[Black "Tunik,G"]
[Result "1-0"]
[WhiteElo "2462"]
[BlackElo "2499"]

1.d4 Nf6 2.c4 e6 3.Nf3 b6 4.Nc3 Bb4 5.Qc2 Bb7 6.a3 Bxc3+ 7.Qxc3 d6 8.e3 Nbd7
9.Bd3 c5 10.O-O O-O 11.b4 Qe7 12.Bb2 Rfd8 13.Rfd1 Bxf3 14.gxf3 e5 15.dxe5 Nxe5
16.Be2 Qe6 17.Kg2 Rac8 18.b5 Qf5 19.Rg1 Re8 20.Rad1 Re6 21.Kh1 Rce8 22.Rg2 Ng6
23.Rd5 Qh3 24.Rdg5 Re5 25.R5g3 Qd7 26.Qc2 R5e6 27.f4 Re4 28.Bd3 d5 29.Bxf6 gxf6
30.f5 Qxf5 31.f3 Rxc4 32.Bxf5 Rxc2 33.Bxc2 Rxe3 34.f4 Re1+ 35.Rg1 Rxg1+ 36.Kxg1 Kf8
37.Bxg6 hxg6 38.Re3 d4 39.Re1 f5 40.Kf2 f6 41.Re6 Kf7 42.Rc6 g5 43.a4 Kg6
44.Rc7 gxf4 45.Kf3 Kg5 46.Rxa7  1-0

[Event "Doroshkevicha Mem"]
[Site "Belorechensk RUS"]
[Date "2009.05.27"]
[Round "5"]
[White "Elizarov,D"]
[Black "Tunik,G"]
[Result "0-1"]
[WhiteElo "2340"]
[BlackElo "2499"]

1.d4 Nf6 2.c4 e6 3.Nf3 b6 4.Nc3 Bb4 5.Qc2 Bb7 6.a3 Bxc3+ 7.Qxc3 c5 8.e3 Bxf3
9.gxf3 cxd4 10.Qxd4 Nc6 11.Qd6 Ne7 12.Bd2 Nf5 13.Qd3 O-O 14.O-O-O Qc7 15.Bc3 Rfd8
16.Rg1 Ne8 17.Bh3 Ne7 18.Qd4 Ng6 19.f4 d5 20.Bg2 dxc4 21.Bxa8 Rxd4 22.Rxd4 e5
23.Rd2 Qc8 24.Rgd1 Qxa8 25.Rd8 Qc6 26.R1d7 h5 27.Rxe8+ Kh7 28.Red8 f6 29.Rxa7 exf4
30.Rdd7 fxe3 31.Rxg7+ Kh6 32.fxe3 Qh1+ 33.Kc2 Ne5 34.Bxe5 Qe4+ 35.Kd1 fxe5
36.Ke2 Qc2+ 37.Kf3 e4+ 38.Kf4 Qxh2+ 39.Kxe4 Qxb2 40.Rgc7 Qb1+ 41.Kf4 Qf1+
42.Ke5 Kg5 43.Rg7+ Kh4 44.Rgf7 Qe2 45.Rf4+ Kh3 46.Kf5 b5 47.Kg5 Qxe3  0-1

[Event "TCh-BUL w"]
[Site "Sunny Beach BUL"]
[Date "2009.06.08"]
[Round "1"]
[White "Koen,M"]
[Black "Videnova,I"]
[Result "1/2-1/2"]
[WhiteElo "2114"]
[BlackElo "2160"]

1.d4 Nf6 2.c4 e6 3.Nf3 b6 4.Nc3 Bb4 5.Bg5 h6 6.Bxf6 Qxf6 7.a3 Bxc3+ 8.bxc3 Nc6
9.e4 e5 10.dxe5 Nxe5 11.Nxe5 Qxe5 12.Qd4 d6 13.O-O-O O-O 14.Qxe5 dxe5 15.c5 Bb7
16.f3 bxc5 17.Rd7 Rac8 18.Bc4 Bc6 19.Re7 Rb8 20.Rxe5 Bb5 21.Rxc5 Bxc4 22.Rxc4 Rb3
23.Kc2 Rxa3 24.Rxc7 Ra2+ 25.Kb3 Rxg2 26.Rxa7 Rb8+ 27.Kc4 Rc8+ 28.Kd4 Rd2+
29.Ke3 Rc2 30.Ra3 R2xc3+ 31.Rxc3 Rxc3+ 32.Kf4  1/2-1/2

[Event "TCh-BUL"]
[Site "Sunny Beach BUL"]
[Date "2009.06.09"]
[Round "2"]
[White "Petkov,V"]
[Black "Enchev,I"]
[Result "0-1"]
[WhiteElo "2481"]
[BlackElo "2370"]

1.d4 Nf6 2.c4 e6 3.Nf3 b6 4.Nc3 Bb4 5.Bg5 Bb7 6.Nd2 h6 7.Bh4 Bxc3 8.bxc3 d6
9.f3 Nbd7 10.e4 e5 11.Bd3 g5 12.Bf2 Nf8 13.Nf1 Ne6 14.Bc2 c5 15.Ba4+ Kf8
16.Ng3 Nf4 17.O-O Qc7 18.Qd2 Rd8 19.Rad1 Kg7 20.Nf5+ Kh7 21.Kh1 cxd4 22.cxd4 Qxc4
23.Bb3 Qe2 24.Qxe2 Nxe2 25.Bxf7 Rhf8 26.Bc4 Nf4 27.dxe5 dxe5 28.Nd6 Ba8 29.Nf7 Rde8
30.Bb3 Re7 31.Nd6 Rd8 32.Nc4 Nd3 33.Bg1 Red7 34.h3 Bc6 35.Rxd3 Rxd3 36.Nxe5 Rc3
37.Kh2 Bb5 38.Rb1 Rd2 39.h4 Nh5 40.hxg5 hxg5 41.Kh3 Nf4+ 42.Kg4 Rxg2+ 43.Kf5 Ne2
44.Bxb6 axb6 45.Kf6 Rc1 46.Bg8+ Kxg8 47.Rxb5 Rc8 48.Rxb6 Rf8+ 49.Ke7 Nf4
50.Ng4 Rf7+ 51.Ke8 Rf8+ 52.Ke7 Rf7+ 53.Ke8 Kg7 54.Ne3 Re2 55.Rb3 Kg6  0-1

[Event "FSIMB June"]
[Site "Budapest HUN"]
[Date "2009.06.10"]
[Round "5"]
[White "Petran,Pa"]
[Black "Lengyel,B"]
[Result "1-0"]
[WhiteElo "2361"]
[BlackElo "2268"]

1.d4 Nf6 2.c4 e6 3.Nf3 b6 4.Nc3 Bb7 5.a3 d5 6.cxd5 exd5 7.g3 Be7 8.Bg2 O-O
9.O-O Nbd7 10.Bf4 c5 11.Rc1 a6 12.Qb3 c4 13.Qc2 b5 14.Ne5 Nb6 15.Rcd1 Ne8
16.e4 Nc7 17.Ng4 a5 18.Bxc7 Qxc7 19.Ne3 b4 20.Ncxd5 Bxd5 21.exd5 Bd6 22.axb4 axb4
23.Rc1 b3 24.Qb1 g6 25.Rc3 Bb4 26.d6 Qxd6 27.Nxc4 Nxc4 28.Rxc4 Ra2 29.Qd3 Rxb2
30.Rb1 Rxb1+ 31.Qxb1 Re8 32.Qxb3 Re1+ 33.Bf1 Qe6 34.Qxb4 Qe2 35.Rc8+ Kg7
36.Qf8+ Kf6 37.Qd6+  1-0

[Event "TCh-BUL"]
[Site "Sunny Beach BUL"]
[Date "2009.06.10"]
[Round "3"]
[White "Georgiev,Vl"]
[Black "Grigorov,G"]
[Result "1/2-1/2"]
[WhiteElo "2539"]
[BlackElo "2488"]

1.d4 Nf6 2.c4 e6 3.Nf3 b6 4.Nc3 Bb7 5.e3 d5 6.cxd5 exd5 7.Bb5+ c6 8.Bd3 Be7
9.O-O O-O 10.b3 Re8 11.Bb2 Bd6 12.Qc2 Nbd7 13.Ne2 Qe7 14.Ng3 g6 15.Rfe1 Ne4
16.Nd2 f5 17.Ngf1 Ndf6 18.Nf3 Nd7 19.N3d2 Ndf6 20.Nf3 Nd7 21.N3d2 Ndf6  1/2-1/2

[Event "Maia Chiburdanidze Cup"]
[Site "Tbilisi GEO"]
[Date "2009.06.12"]
[Round "8"]
[White "Rizhamadze,P"]
[Black "Arabidze,M"]
[Result "1/2-1/2"]
[WhiteElo "1991"]
[BlackElo "2258"]

1.d4 Nf6 2.c4 e6 3.Nf3 b6 4.Nc3 Bb4 5.Bg5 Bb7 6.e3 h6 7.Bh4 Bxc3+ 8.bxc3 d6
9.Bd3 Qe7 10.O-O Nbd7 11.Bxf6 gxf6 12.e4 O-O-O 13.Re1 Rdg8 14.Bf1 Kb8 15.g3 h5
16.h4 f5 17.exf5 Qf6 18.Bh3 exf5 19.Ng5 Rd8 20.Qd2 Nf8 21.Qf4 Ne6 22.Qxf5 Qxf5
23.Bxf5 Nxg5 24.hxg5 h4 25.g4 Ba6 26.c5 dxc5 27.dxc5 Bb7 28.cxb6 axb6 29.Re2 Bf3
30.Re3 Bc6 31.Rae1 Rd2 32.R3e2 Rhd8 33.Rxd2 Rxd2 34.Be4 Bd7 35.Bf3 Rd3 36.Re3 Rxe3
37.fxe3 Be6 38.a3 Ka7 39.Be2 c6 40.Kh2 b5 41.Kh3 Bb3 42.Kxh4 Kb6 43.Kg3 Ka5
44.Kf4 Ka4 45.Ke5 Kxa3 46.Kf6 Kb2 47.Ke7 Bc4 48.Bxc4 bxc4 49.Kd6 Kxc3 50.Ke7 Kd3
51.Kxf7 c3 52.g6 c2 53.g7 c1=Q 54.g8=Q Qc4+ 55.Kf8  1/2-1/2

[Event "Open"]
[Site "Teplice CZE"]
[Date "2009.06.13"]
[Round "1"]
[White "Plischki,S"]
[Black "Bakajsa,L"]
[Result "1-0"]
[WhiteElo "2363"]
[BlackElo "1900"]

1.d4 Nf6 2.c4 e6 3.Nf3 b6 4.Nc3 Bb4 5.Bg5 h6 6.Bh4 Bb7 7.Nd2 O-O 8.e4 Bxc3
9.bxc3 g5 10.Bg3 Nxe4 11.Nxe4 Bxe4 12.h4 Kg7 13.hxg5 hxg5 14.Qh5 f6 15.Be2 Bg6
16.Qh6+ Kf7 17.f4 gxf4 18.Qxf4 d6 19.Rh6 Nd7 20.Kf2 Rh8 21.Rah1 Rxh6 22.Rxh6 Qg8
23.Qh4 Qg7 24.Rxg6  1-0

[Event "Petr Izmailov Mem"]
[Site "Tomsk RUS"]
[Date "2009.06.25"]
[Round "2"]
[White "Bocharov,D"]
[Black "Abylkassymova,R"]
[Result "1-0"]
[WhiteElo "2606"]
[BlackElo "1943"]

1.d4 Nf6 2.c4 e6 3.Nf3 b6 4.Nc3 Bb7 5.Bg5 Be7 6.e3 O-O 7.Bd3 h6 8.Bh4 d5
9.Bxf6 Bxf6 10.cxd5 exd5 11.Qb3 c5 12.dxc5 d4 13.Nxd4 Bxd4 14.exd4 Qxd4 15.O-O-O Qxc5
16.Kb1 Nc6 17.Ne4 Qe7 18.Nd6 Nd4 19.Qb4 Ne6 20.Rhe1 Bxg2 21.Bc4 Qf6 22.Nxf7 Bh3
23.Ne5 Bf5+ 24.Ka1 Rfe8 25.Nd7 Qf7 26.Rd6  1-0

[Event "Open"]
[Site "Albena BUL"]
[Date "2009.06.28"]
[Round "9"]
[White "Petkov,V"]
[Black "Komarov,Di"]
[Result "1/2-1/2"]
[WhiteElo "2481"]
[BlackElo "2530"]

1.d4 Nf6 2.Nf3 e6 3.c4 b6 4.Nc3 Bb7 5.Bg5 Be7 6.e3 h6 7.Bh4 Ne4 8.Bxe7 Qxe7
9.Nxe4 Bxe4 10.Bd3 Bxd3 11.Qxd3  1/2-1/2

[Event "19th Heart of Finland Open"]
[Site "Jyvaskyla FIN"]
[Date "2009.07.09"]
[Round "4"]
[White "Kunin,V"]
[Black "Ivanov,SA"]
[Result "1-0"]
[WhiteElo "2532"]
[BlackElo "2359"]

1.d4 Nf6 2.Nf3 e6 3.c4 b6 4.Nc3 Bb4 5.Qc2 c5 6.a3 cxd4 7.axb4 dxc3 8.Qxc3 O-O
9.Bg5 Bb7 10.e3 d5 11.cxd5 Bxd5 12.Bd3 Nbd7 13.O-O a5 14.Rad1 Bxf3 15.gxf3 Nd5
16.Bxh7+ Kh8 17.Rxd5 f6 18.Rd6 Qe7 19.Qc7 Ra7 20.Qxa7 Qxd6 21.Bf4 e5 22.Bf5 Nb8
23.Bg3 Qxb4 24.Rc1 Qb5  1-0

[Event "1st Artemis Cup"]
[Site "Leros GRE"]
[Date "2009.07.13"]
[Round "3"]
[White "Kourkounakis,I"]
[Black "Timoshenko,G"]
[Result "1/2-1/2"]
[WhiteElo "2378"]
[BlackElo "2556"]

1.d4 Nf6 2.Nf3 e6 3.c4 b6 4.Nc3 Bb7 5.Bg5 h6 6.Bh4 d6 7.Qc2 Be7 8.e4 Nbd7
9.O-O-O O-O 10.e5 Nh5 11.Bg3 a6 12.Bd3 b5 13.Be4 Bxe4 14.Qxe4 bxc4 15.d5 exd5
16.Nxd5 dxe5 17.Bxe5 Bd6 18.Bc3 Nhf6 19.Qxc4 Re8 20.Nxf6+ Nxf6 21.Ne5 Qe7
22.Rhe1 Qe6 23.Qxe6 Rxe6 24.Nc4 Ne4 25.Nxd6  1/2-1/2

[Event "Open"]
[Site "Rethymno GRE"]
[Date "2009.07.18"]
[Round "8"]
[White "Mirzoev,A"]
[Black "Paulet,I"]
[Result "1-0"]
[WhiteElo "2559"]
[BlackElo "2327"]

1.Nf3 Nf6 2.c4 e6 3.Nc3 b6 4.d4 Bb7 5.Bg5 Bb4 6.Nd2 c5 7.a3 Ba5 8.e3 cxd4
9.exd4 Bxc3 10.bxc3 O-O 11.Bd3 d5 12.cxd5 exd5 13.O-O Ba6 14.Bxa6 Nxa6 15.Qf3 Nc7
16.Rfe1 Qd6 17.Bf4 Qd7 18.Be5 Nfe8 19.Nf1 Rd8 20.h4 Ne6 21.Ne3 g6 22.Ra2 f6
23.Bg3 N8g7 24.a4 h5 25.Rb1 Qc6 26.Ra3 Rf7 27.Rb5 f5 28.Nxd5 Qa8 29.Nf4 Qxf3
30.gxf3 Nxf4 31.Bxf4 Ne6 32.Be5 g5 33.hxg5 Nxg5 34.f4 Ne4 35.c4 Kh7 36.Rh3 Rg8+
37.Kh2 Kh6 38.Rb2 Rc8 39.Rc2 Rff8 40.f3 Nf6 41.Rg3 h4 42.Rg5 Nh5 43.Kh3 Rg8
44.Kxh4 Rxg5 45.fxg5+ Kg6 46.f4 Rd8 47.c5 bxc5 48.Rxc5  1-0

[Event "1st Artemis Cup"]
[Site "Leros GRE"]
[Date "2009.07.19"]
[Round "9"]
[White "Mastrovasilis,A"]
[Black "Andersen,L NOR"]
[Result "1/2-1/2"]
[WhiteElo "2503"]
[BlackElo "2222"]

1.d4 Nf6 2.Nf3 e6 3.c4 b6 4.Nc3 Bb4 5.Bg5 Bb7 6.Nd2 Nc6 7.e3 O-O 8.Be2 Be7
9.Bf3 d6 10.O-O Qd7 11.a3 a5 12.Qa4 h6 13.Bxf6 Bxf6 14.Rfd1 Qe8 15.Rac1 e5
16.dxe5 Bxe5 17.Nd5 Rc8 18.b4 axb4 19.axb4 Nd4 20.Qxe8 Nxf3+ 21.gxf3 Rfxe8
22.f4 Bf6 23.b5 Kf8 24.Nb3 Red8 25.Kf1 Ke8 26.Nxf6+ gxf6 27.Nd4 Ra8 28.Ra1 Rxa1
29.Rxa1 Ra8 30.Rxa8+ Bxa8 31.Ke2 d5 32.Kd3 Kd7 33.Nf5 h5 34.h4 c5 35.bxc6+ Bxc6
36.cxd5 Bxd5 37.e4 Be6 38.Ng3 Bg4 39.Ke3 Bd1 40.f3 b5 41.Nxh5 Ke7 42.Ng3 b4
43.Kd4 Kf8 44.Nh5 Ke7 45.Kc4 b3 46.Kc3 Bxf3 47.Ng3 Bd1 48.Nf5+ Kf8 49.Nd4 Kg7
50.Nxb3 Bxb3 51.Kxb3 Kg6 52.Kc4 Kh5 53.Kd5 Kxh4 54.e5 fxe5 55.fxe5 Kh5 56.Kd6 Kg5
57.Ke7 Kf5 58.Kxf7 Kxe5  1/2-1/2

[Event "Corporation Centre Cup"]
[Site "Izhevsk RUS"]
[Date "2009.07.20"]
[Round "6"]
[White "Veltmander,I"]
[Black "Makarenko,A"]
[Result "1-0"]
[WhiteElo "2126"]
[BlackElo "1970"]

1.d4 Nf6 2.c4 e6 3.Nf3 b6 4.Nc3 Bb4 5.Qb3 Be7 6.e4 Bb7 7.Bd3 O-O 8.Bf4 d5
9.cxd5 exd5 10.e5 Ne4 11.Qc2 Bb4 12.O-O Bxc3 13.bxc3 Na6 14.Nd2 Nxd2 15.Bxd2 g6
16.Bh6 Re8 17.Qd2 f6 18.exf6 Qxf6 19.Bf4 c5 20.Be5 Qf7 21.f4 c4 22.Bc2 Bc8
23.f5 gxf5 24.Rf3 Rxe5 25.dxe5 Nc5 26.Qg5+ Kh8 27.Bxf5 Qg8 28.Qxg8+ Kxg8
29.Rg3+ Kh8 30.Rf1 Bxf5 31.Rxf5 Ne4 32.Rgf3 Kg8 33.e6 Re8 34.Rxd5 Rxe6 35.Re3 Kf8
36.Rd4 Nc5 37.Rxe6 Nxe6 38.Rxc4 Ke7 39.Rh4 Ng5 40.Kf2 Kf6 41.Ke3 Kg6 42.Ra4 a5
43.Rc4 Kf5 44.h4 Ne6 45.Rc6 Nc5 46.Rxb6 Na4 47.Rc6 Nb2 48.Kd4 h5 49.Rb6 Na4
50.Rb5+ Kg4 51.Kc4 Kxh4 52.Kb3  1-0

[Event "Corporation Centre Cup"]
[Site "Izhevsk RUS"]
[Date "2009.07.20"]
[Round "6"]
[White "Sazonov,Ar"]
[Black "Karavaeva,N"]
[Result "1-0"]
[WhiteElo "2163"]
[BlackElo "1958"]

1.d4 Nf6 2.Nf3 e6 3.c4 b6 4.Nc3 Bb7 5.Bg5 Be7 6.Qc2 c5 7.e4 cxd4 8.Nxd4 Nc6
9.Rd1 Nxd4 10.Rxd4 h6 11.Bh4 O-O 12.e5 Ne8 13.Bg3 Bc5 14.Rd2 f5 15.exf6 Nxf6
16.f3 Qe7 17.Bf2 d5 18.Bd3 Rad8 19.O-O Nh5 20.cxd5 exd5 21.Rfd1 Qg5 22.Bf1 Nf4
23.Bd4 Ne6 24.Bxc5 Nxc5 25.Kh1 Kh8 26.Nb5 a6 27.Nd4 Qf6 28.b4 Ne6 29.Nxe6 Qxe6
30.Qb2 Rf4 31.Rd4 Rdf8 32.Rxf4 Rxf4 33.Qd2 Qf7 34.Qe3 Rxb4 35.Re1 Kg8 36.Qe5 Qf8
37.Bd3 Rf4 38.Qc7 Rf7 39.Qxb6 Re7 40.Rc1 Qe8 41.Qb4 Qd7 42.h3 Re3 43.Bb1 Re2
44.Qf4 Bc6 45.Kh2 d4 46.Rd1 Qf7 47.Qb8+ Re8 48.Qd6 Qd7 49.Qxd7 Bxd7 50.Rxd4 Bb5
51.Bg6 Rc8 52.h4 Be8 53.h5 Bxg6 54.hxg6 Kf8 55.Rd6 a5 56.Ra6 Rc5 57.f4 Ke7
58.Kh3 Rd5 59.g3 h5 60.Kh4 Rc5 61.g4 hxg4 62.Kxg4 Rd5 63.f5 Rc5 64.Kg5 Rd5
65.Ra7+ Kf8 66.Kf4 Rc5 67.Ke4 Rb5 68.Rf7+ Kg8 69.Re7 Kf8 70.Re5 Rb4+ 71.Kd5 Rb2
72.a4 Ra2 73.Re4 Rf2 74.Ke6 Rc2 75.Re5 Rb2 76.Rxa5 Rb6+ 77.Kd7 Rb7+ 78.Kc6 Rb1
79.Re5 Rc1+ 80.Rc5 Ra1 81.a5 Ke7 82.Kb6 Kf6 83.a6 Rb1+ 84.Rb5 Ra1 85.a7 Ra2
86.Ra5 Rb2+ 87.Ka6  1-0

[Event "Corporation Centre Cup"]
[Site "Izhevsk RUS"]
[Date "2009.07.23"]
[Round "9"]
[White "Sazonov,Ar"]
[Black "Shestakov,D"]
[Result "0-1"]
[WhiteElo "2163"]
[BlackElo "2279"]

1.d4 Nf6 2.Nf3 e6 3.c4 b6 4.Nc3 Bb7 5.Bg5 Be7 6.e3 Ne4 7.Bf4 Nxc3 8.bxc3 O-O
9.Bd3 f5 10.h3 d6 11.Qe2 Nd7 12.Bh2 e5 13.Bc2 Qe8 14.Rg1 f4 15.exf4 exf4
16.O-O-O Qf7 17.Rde1 Rae8 18.Qe6 Qxe6 19.Rxe6 Bxf3 20.gxf3 Bh4 21.Rxe8 Rxe8
22.Ba4 Bxf2 23.Bxd7 Re7 24.Rg4 Be3+ 25.Kc2 Rxd7 26.Kd3 Re7 27.h4 Rf7 28.Ke4 c6
29.h5 Re7+ 30.Kf5 Kf7 31.Bxf4 Bxf4 32.Rxf4 Re3 33.Kg5+ Kg8 34.h6 Rxc3 35.hxg7 Kxg7
36.Rf6 d5 37.cxd5 cxd5 38.Rf4 Rc6 39.Rf5 Rg6+ 40.Kh5 Rf6 41.Rxd5 Rxf3 42.Rd7+ Rf7
43.Rd6 Kf8 44.Kg5 Ke7 45.Rc6 Kd7 46.d5 Rf2 47.a4 Rd2 48.Kf6 Rxd5 49.Rc4 Kd6  0-1

[Event "ZMD Open"]
[Site "Dresden GER"]
[Date "2009.07.26"]
[Round "2"]
[White "Stark,U"]
[Black "Farago,I"]
[Result "0-1"]
[WhiteElo "1893"]
[BlackElo "2511"]

1.d4 Nf6 2.Nf3 e6 3.c4 b6 4.Nc3 Bb4 5.Bd2 Bb7 6.e3 O-O 7.a3 Be7 8.Bd3 c5
9.O-O cxd4 10.Nxd4 d6 11.Rc1 Nbd7 12.Nf3 a6 13.Qe2 Nc5 14.Bc2 Nce4 15.Rfd1 Nxd2
16.Nxd2 Qc7 17.Nde4 Rfd8 18.Nxf6+ Bxf6 19.Bd3 g6 20.Ne4 Bg7 21.Rc2 Bc6 22.b3 Qb7
23.f3 d5 24.Nf2 Qe7 25.b4 Ba4  0-1

[Event "14th Open"]
[Site "Creon FRA"]
[Date "2009.07.27"]
[Round "1"]
[White "Loyarte,F"]
[Black "Drochon,F"]
[Result "0-1"]
[WhiteElo "1536"]
[BlackElo "1723"]

1.d4 Nf6 2.c4 e6 3.Nc3 b6 4.Nf3 Bb7 5.Bg5 Be7 6.e3 O-O 7.Bd3 d6 8.O-O Nbd7
9.e4 d5 10.cxd5 exd5 11.e5 Ne4 12.Bxe7 Qxe7 13.Qc2 f5 14.exf6 Ndxf6 15.Rfe1 Rae8
16.Nd2 Qb4 17.Ndxe4 dxe4 18.Nxe4 Bxe4 19.Bxe4 Nxe4 20.Rxe4 Rxe4 21.Qxe4 Qxb2
22.Qd5+ Kh8 23.Re1 Qxf2+  0-1

[Event "ch-AUT"]
[Site "Jenbach AUT"]
[Date "2009.07.30"]
[Round "6"]
[White "Kuthan,A"]
[Black "Baumegger,S"]
[Result "0-1"]
[WhiteElo "2197"]
[BlackElo "2455"]

1.d4 Nf6 2.c4 e6 3.Nf3 b6 4.Nc3 Bb4 5.Qb3 c5 6.Bg5 Bb7 7.e3 O-O 8.Rd1 h6
9.Bh4 Bxf3 10.gxf3 Nc6 11.Be2 cxd4 12.exd4 d5 13.Rg1 Be7 14.Qa4 Rc8 15.Kf1 Qd7
16.cxd5 Nxd5 17.Nxd5 Qxd5 18.Bxe7 Nxe7 19.Qxa7 Qd6 20.Qa3 Qxa3 21.bxa3 Rc2
22.Rb1 Nd5 23.Bd1 Rd2 24.Bb3 Nf4 25.Rd1 Rxd1+ 26.Bxd1 Rd8 27.Bb3 Rxd4 28.Ke1 f5
29.h4 Kf7  0-1

[Event "Open"]
[Site "Stara Pazova SRB"]
[Date "2009.07.31"]
[Round "8"]
[White "Sertic,Ru"]
[Black "Avdic,M"]
[Result "0-1"]
[WhiteElo "2381"]
[BlackElo "2270"]

1.d4 Nf6 2.c4 e6 3.Nf3 b6 4.Nc3 Bb7 5.a3 d5 6.cxd5 Nxd5 7.e3 Be7 8.Bb5+ c6
9.Bd3 Nxc3 10.bxc3 O-O 11.O-O c5 12.Qc2 g6 13.e4 Nc6 14.Bh6 Re8 15.Rfd1 Qc7
16.Qe2 Red8 17.Qe3 e5 18.d5 Na5 19.c4 Nb3 20.Ra2 f6 21.h4 Bc8 22.Rb1 Nd4
23.Nxd4 cxd4 24.Qg3 Bf8 25.Bd2 Bd6 26.Rf1 Qg7 27.h5 Bd7 28.a4 a5 29.Rb2 Bc5
30.f4 Bxa4 31.h6 Qc7 32.f5 g5 33.Bxg5 fxg5 34.Qxg5+ Kf8 35.Qf6+ Ke8 36.Ra1 Qe7
37.Qe6 Rd6 38.Qg8+ Qf8 39.Qg3 Qxh6 40.Rxa4 Qc1+ 41.Kf2 Qxb2+ 42.Kf3 Kf7  0-1